[Event "London Classic Open 2017"]
[Site "London ENG"]
[Date "2017.12.03"]
[Round "2.119"]
[White "Othman, Wael"]
[Black "Vachtfeidl, Petr"]
[Result "0-1"]
[WhiteElo "1343"]
[BlackElo "1934"]
[WhiteFideId "10302158"]
[BlackFideId "315028"]
[EventDate "2017.12.02"]

1. c4 e5 2. g3 Nf6 3. Bg2 h6 4. d3 Bb4+ 5. Bd2 Bxd2+ 6. Qxd2 O-O 7. Nf3 Re8 8.
Nc3 c6 9. O-O d5 10. cxd5 cxd5 11. d4 e4 12. Ne5 Nbd7 13. f4 exf3 14. Bxf3 Nxe5
15. dxe5 Rxe5 16. Qf4 Qb6+ 17. Kg2 Rf5 18. Qd2 Be6 19. Rae1 Rd8 20. e3 d4 21.
exd4 Rxd4 22. Qe3 Rb4 23. b3 Qxe3 24. Rxe3 Nd5 25. Nxd5 Bxd5 26. Bxd5 Rxd5 27.
Rf2 f6 28. Rfe2 Rd7 29. Re8+ Kf7 30. R8e3 Rbd4 31. Kh3 h5 32. Re4 g5 33. g4
hxg4+ 34. Kxg4 Rxe4+ 35. Rxe4 Rd2 36. Kg3 Rxa2 37. Rb4 b6 38. h4 gxh4+ 39. Rxh4
Ke6 40. Re4+ Kf5 41. Rb4 Ke5 42. Kf3 Rb2 43. Ke3 Rh2 44. Rb5+ Kd6 45. b4 Rb2 46.
Kd4 Kc6 47. Rf5 Rxb4+ 48. Kc3 Rh4 49. Rxf6+ Kb5 50. Rf5+ Ka4 51. Rf1 a5 52. Ra1+
Kb5 53. Rb1+ Kc5 54. Rf1 Rh3+ 55. Kb2 a4 56. Rf5+ Kb4 57. Rf4+ Ka5 58. Rf5+ b5
59. Rf4 a3+ 60. Ka2 b4 61. Rf5+ Ka4 62. Rf4 Rh2+ 63. Ka1 Rd2 64. Rf3 b3 65. Rf4+
Kb5 66. Rf5+ Kc4 67. Rf4+ Kc3 68. Rf3+ Kc2 69. Rf1 Rd1+ 70. Rxd1 Kxd1 71. Kb1 b2
72. Ka2 Kc2 73. Kxa3 b1=Q 0-1

[Event "London Classic Open 2017"]
[Site "London ENG"]
[Date "2017.12.03"]
[Round "2.120"]
[White "Iraqui, Youssef"]
[Black "McManus, Gordon"]
[Result "1-0"]
[WhiteElo "1932"]
[BlackElo "1470"]
[WhiteFideId "9000666"]
[BlackFideId "432857"]
[EventDate "2017.12.02"]

1. e4 c6 2. d4 d5 3. Nd2 dxe4 4. Nxe4 Bf5 5. Ng3 Bg6 6. h4 h6 7. h5 Bh7 8. Nf3
Nd7 9. Bd3 Bxd3 10. Qxd3 e6 11. Bf4 Ngf6 12. Qe2 Be7 13. O-O-O O-O 14. Ne5 Re8
15. Rh3 Qa5 16. Kb1 Rac8 17. Ne4 Nxe4 18. Nxd7 Nf6 19. Ne5 c5 20. Nc4 Qa6 21.
Ra3 Qc6 22. Rg3 Kh7 23. Be5 Red8 24. Nd2 cxd4 25. Qd3+ Kh8 26. Rh1 Qd5 27. Nf3
Qe4 28. Bxf6 Qxd3 29. Bxg7+ Kh7 30. cxd3 f6 31. Rg6 Rg8 32. Bxh6 Rxg6 33. hxg6+
Kxg6 1-0

[Event "London Classic Open 2017"]
[Site "London ENG"]
[Date "2017.12.03"]
[Round "2.122"]
[White "Obiamiwe, Paul"]
[Black "Chatterjee, Sagnik"]
[Result "1/2-1/2"]
[WhiteElo "1910"]
[BlackElo "1336"]
[WhiteFideId "8500215"]
[BlackFideId "64300455"]
[EventDate "2017.12.02"]

1. Nf3 Nf6 2. c4 c5 3. Nc3 Nc6 4. d4 cxd4 5. Nxd4 Qb6 6. Nb3 d6 7. e3 Bf5 8. a3
Rc8 9. Be2 Ne5 10. c5 dxc5 11. O-O e6 12. f4 Nc6 13. Na4 Qc7 14. Nbxc5 Bxc5 15.
Nxc5 O-O 16. b4 Ne4 17. Nxe4 Bxe4 18. Bb2 Rfd8 19. Qe1 Qb6 20. Qg3 g6 21. Rfd1
Rxd1+ 22. Rxd1 Ne7 23. Bd4 Qc7 24. Qg5 Nf5 25. Be5 Qe7 26. Qxe7 Nxe7 27. Rd7 Nf5
28. Kf2 Bc6 29. Rd2 h5 30. g3 Kh7 31. Bf6 Re8 32. Bf3 Bxf3 33. Kxf3 Ne7 34. e4
Ng8 35. Bd4 Rd8 36. Ke3 a6 37. Rc2 Rd7 38. Rc8 Re7 39. Rd8 f6 40. Bc5 Rc7 41.
Rd6 Nh6 42. h3 Rc6 43. Rxc6 bxc6 44. Bd4 f5 45. e5 Ng8 46. Bc5 Nh6 47. Kd3 Nf7
48. Be7 g5 49. Kc4 h4 50. gxh4 gxf4 51. Bf6 Kg8 52. Kd3 Nh8 53. Ke2 Ng6 54. Kf3
Kh7 55. h5 Nf8 56. Bg5 Nd7 57. Bxf4 c5 58. Ke3 cxb4 59. axb4 Nb6 60. Kd4 Nd5 61.
Bd2 Kg7 62. Kc5 f4 63. Kd6 f3 64. Be1 Nxb4 65. Kxe6 Nd3 66. Bh4 f2 67. Bxf2 Nxf2
68. Kd5 Nxh3 69. Kc5 Nf4 70. Kb6 Nxh5 71. Kxa6 1/2-1/2

[Event "London Classic Open 2017"]
[Site "London ENG"]
[Date "2017.12.03"]
[Round "2.123"]
[White "Damianou, Ioannis"]
[Black "Thatte, Nandinee"]
[Result "1-0"]
[WhiteElo "1907"]
[BlackElo "1257"]
[WhiteFideId "5902355"]
[BlackFideId "64300625"]
[EventDate "2017.12.02"]

1. c4 e5 2. g3 Nc6 3. Bg2 f5 4. Nc3 Nf6 5. e3 d6 6. Nge2 Be6 7. b3 Be7 8. O-O
O-O 9. d4 Bf7 10. d5 Nb4 11. a3 Na6 12. b4 Rc8 13. Bb2 Bg6 14. h3 Nh5 15. f4 Nf6
16. fxe5 dxe5 17. d6 cxd6 18. Bxb7 Qb6 19. Bxc8 Qxe3+ 20. Kg2 Rxc8 21. c5 dxc5
22. Bc1 Rd8 23. Qxd8+ Bxd8 24. Bxe3 cxb4 25. axb4 Nxb4 26. Rxa7 Nc6 27. Ra8 Kf7
28. Rd1 Bc7 29. Rc8 Ne8 30. Rxc7+ Nxc7 31. Rd7+ Kf6 32. Rxc7 Nd8 33. Nd5+ Ke6
34. Nec3 Nf7 35. Bc5 f4 36. g4 Be4+ 37. Kf2 Bxd5 38. Re7+ Kf6 39. Nxd5+ Kg6 40.
Re6+ Kg5 41. Be7# 1-0

[Event "London Classic Open 2017"]
[Site "London ENG"]
[Date "2017.12.03"]
[Round "2.125"]
[White "Cole, James"]
[Black "Munkhdemberel, Pagamdulam"]
[Result "1/2-1/2"]
[WhiteElo "1886"]
[BlackElo "1175"]
[WhiteFideId "431818"]
[BlackFideId "4907043"]
[EventDate "2017.12.02"]

1. e4 e5 2. Nf3 Nc6 3. Bb5 Nf6 4. Qe2 a6 5. Ba4 b5 6. Bb3 Bc5 7. d3 h6 8. c3 a5
9. a4 b4 10. Be3 Be7 11. O-O O-O 12. Nbd2 d5 13. h3 bxc3 14. bxc3 Ba6 15. exd5
Nxd5 16. Ne4 Nxe3 17. Qxe3 Qxd3 18. Rfd1 Qxe3 19. fxe3 Be2 20. Rd7 Bxf3 21. gxf3
Bd6 22. Bd5 Ra6 23. Nxd6 cxd6 24. Rxd6 Rc8 25. Rb1 Nb4 26. Rxa6 Nxa6 27. Rb6 Nc5
28. Rc6 Rxc6 29. Bxc6 Kf8 30. Kf2 Ke7 31. Ke2 Kd6 32. Bb5 g5 33. Kf2 f5 34. Kg3
h5 35. h4 g4 36. Be8 Ke7 37. Bc6 Kf6 38. Be8 Ke7 39. Bc6 Kf6 40. Be8 Ke7 1/2-1/2

[Event "London Classic Open 2017"]
[Site "London ENG"]
[Date "2017.12.03"]
[Round "3.2"]
[White "Sargissian, Gabriel"]
[Black "Bartholomew, John"]
[Result "1/2-1/2"]
[WhiteTitle "GM"]
[BlackTitle "IM"]
[WhiteElo "2672"]
[BlackElo "2448"]
[WhiteFideId "13300881"]
[BlackFideId "2019353"]
[EventDate "2017.12.02"]

1. d4 d5 2. c4 c6 3. Nf3 Nf6 4. e3 Bf5 5. Nc3 e6 6. Nh4 Bg6 7. Nxg6 hxg6 8. Bd3
c5 9. Qb3 Qd7 10. cxd5 exd5 11. dxc5 Nc6 12. Bd2 Bxc5 13. Ne2 Rd8 14. O-O-O O-O
15. Kb1 Ne5 16. Bc2 Nc4 17. Bc3 Qc6 18. Nd4 Bxd4 19. Bxd4 Ne4 20. Bxe4 dxe4 21.
Qc3 f6 22. Ka1 Rc8 23. Qb3 Kh7 24. h4 Rfd8 25. Qc2 Ne5 26. Qxc6 Nxc6 27. Bc3 Kh6
28. a4 Kh5 29. Ka2 a6 30. Kb3 b5 31. axb5 axb5 32. Rxd8 Rxd8 33. Kc2 Rc8 34. Kb3
Rd8 35. Kc2 Rc8 36. Kb3 1/2-1/2

[Event "London Classic Open 2017"]
[Site "London ENG"]
[Date "2017.12.03"]
[Round "3.3"]
[White "Williams, Simon K"]
[Black "Jones, Gawain C B"]
[Result "1/2-1/2"]
[WhiteTitle "GM"]
[BlackTitle "GM"]
[WhiteElo "2453"]
[BlackElo "2654"]
[WhiteFideId "404454"]
[BlackFideId "409561"]
[EventDate "2017.12.02"]

1. d4 Nf6 2. c4 g6 3. Nc3 Bg7 4. e4 O-O 5. Be2 d6 6. Be3 c5 7. e5 Ne8 8. dxc5
Bxe5 9. Nf3 Bxc3+ 10. bxc3 Nc6 11. Nd4 Bd7 12. Nb3 dxc5 13. Nxc5 Nf6 14. O-O Qc7
15. Nxd7 Nxd7 16. f4 e6 17. Qe1 Na5 18. Rd1 Rad8 19. Qh4 Nxc4 20. Bd4 Nd6 21.
Bd3 f6 22. Rf3 Rf7 23. Re1 Nf5 24. Bxf5 exf5 25. Rfe3 Rdf8 26. Re6 Qc4 27. h3
Ne5 28. Rd6 Nc6 29. Qf2 Nxd4 30. cxd4 Qb4 31. Ree6 Rc7 32. Kh2 Qb1 33. Qe3 Rcf7
34. a3 Qf1 35. d5 Kg7 36. Qd4 h5 37. a4 h4 38. a5 Kh6 39. Rxf6 Rxf6 40. Rxf6
Rxf6 41. Qxf6 Qxf4+ 42. Kh1 Qf1+ 43. Kh2 Qf4+ 44. Kh1 1/2-1/2

[Event "London Classic Open 2017"]
[Site "London ENG"]
[Date "2017.12.03"]
[Round "3.4"]
[White "Melkumyan, Hrant"]
[Black "Hebden, Mark L"]
[Result "1-0"]
[WhiteTitle "GM"]
[BlackTitle "GM"]
[WhiteElo "2633"]
[BlackElo "2445"]
[WhiteFideId "13302485"]
[BlackFideId "400084"]
[EventDate "2017.12.02"]

1. Nf3 Nf6 2. d4 g6 3. g3 Bg7 4. Bg2 O-O 5. O-O d6 6. b3 c5 7. Bb2 cxd4 8. Nxd4
d5 9. c4 e5 10. Nc2 d4 11. e3 d3 12. Ne1 e4 13. Nd2 Re8 14. Bxf6 Qxf6 15. Rb1
Qf5 16. f3 exf3 17. Bxf3 Rxe3 18. Ng2 Rxf3 19. Nxf3 Nc6 20. Kh1 b6 21. Nd4 Nxd4
22. Rxf5 Bxf5 23. Qf1 Re8 24. Re1 Ne2 25. Qf2 Bd4 26. Qxd4 Nxd4 27. Rxe8+ Kg7
28. Ne3 Kf6 29. Kg2 Bd7 30. Re4 Nf5 31. Nd5+ Kg7 32. Kf2 b5 33. cxb5 d2 34. Nc3
Bxb5 35. g4 Bd3 36. Ra4 Nd6 37. Ke3 1-0

[Event "London Classic Open 2017"]
[Site "London ENG"]
[Date "2017.12.03"]
[Round "3.5"]
[White "Das, Sayantan"]
[Black "Maze, Sebastien"]
[Result "1/2-1/2"]
[WhiteTitle "IM"]
[BlackTitle "GM"]
[WhiteElo "2442"]
[BlackElo "2614"]
[WhiteFideId "5034426"]
[BlackFideId "613762"]
[EventDate "2017.12.02"]

1. e4 e5 2. Nf3 Nc6 3. Bb5 a6 4. Ba4 d6 5. d4 Bd7 6. c3 g6 7. O-O Bg7 8. Re1 Nf6
9. Bg5 h6 10. Bh4 O-O 11. Nbd2 Re8 12. a3 Qc8 13. Bb3 Nh5 14. Nf1 1/2-1/2

[Event "London Classic Open 2017"]
[Site "London ENG"]
[Date "2017.12.03"]
[Round "3.6"]
[White "Cornette, Matthieu"]
[Black "Wells, Peter K"]
[Result "1-0"]
[WhiteTitle "GM"]
[BlackTitle "GM"]
[WhiteElo "2606"]
[BlackElo "2441"]
[WhiteFideId "620084"]
[BlackFideId "400327"]
[EventDate "2017.12.02"]

1. Nf3 d5 2. c4 e6 3. g3 dxc4 4. Bg2 Nf6 5. O-O c6 6. a4 a5 7. Qc2 Na6 8. Ne5
Nb4 9. Qxc4 g6 10. d4 Bg7 11. Bd2 Nfd5 12. e4 Nb6 13. Qc5 Bf8 14. Qc1 Bg7 15.
Nf3 O-O 16. Rd1 Qe7 17. Be3 Nd7 18. Na3 b6 19. Nc4 Ba6 20. Bf4 Bxc4 21. Qxc4 e5
22. Bg5 Bf6 23. Bh6 Rfd8 24. d5 Qc5 25. Qe2 cxd5 26. exd5 Rac8 27. Nd2 Qc2 28.
Qf3 Bg7 29. Bxg7 Kxg7 30. Ne4 f5 31. Ng5 Nf8 32. Qe3 Qxb2 33. Qxb6 Nd3 34. Qe3
e4 35. Rab1 Qf6 36. Bxe4 Nc5 37. Bg2 h6 38. Nf3 Nxa4 39. Rb7+ Rd7 40. Rxd7+ Nxd7
41. Qa7 Nc5 42. Qxa5 f4 43. Nd4 Ne5 44. Nc6 Ncd3 45. Qa7+ Kh8 46. Be4 Nb2 47.
Rb1 Nec4 48. Ne7 Re8 49. d6 Qxd6 50. Nxg6+ Kg8 51. Nxf4 1-0

[Event "London Classic Open 2017"]
[Site "London ENG"]
[Date "2017.12.03"]
[Round "3.7"]
[White "Cherniaev, Alexander"]
[Black "Hawkins, Jonathan"]
[Result "0-1"]
[WhiteTitle "GM"]
[BlackTitle "GM"]
[WhiteElo "2436"]
[BlackElo "2579"]
[WhiteFideId "4117301"]
[BlackFideId "412686"]
[EventDate "2017.12.02"]

1. e4 c6 2. d4 d5 3. e5 c5 4. Ne2 Nc6 5. c3 Nh6 6. a3 cxd4 7. cxd4 Nf5 8. Nbc3
e6 9. g3 Qb6 10. Be3 Qxb2 11. Bg2 Qb6 12. O-O Be7 13. Rb1 Qd8 14. Bh3 Nxe3 15.
fxe3 Bxa3 16. e4 dxe4 17. Nxe4 Be7 18. Rb3 O-O 19. Rbf3 b6 20. Nf6+ gxf6 21.
exf6 Nxd4 22. Nxd4 Bc5 23. Rf4 e5 24. Bxc8 Bxd4+ 25. Kg2 Qd5+ 26. Kh3 Rfxc8 27.
Qh5 Qe6+ 28. Rg4+ Kf8 29. Rf5 Ke8 30. Rg7 e4 0-1

[Event "London Classic Open 2017"]
[Site "London ENG"]
[Date "2017.12.03"]
[Round "3.8"]
[White "Moussard, Jules"]
[Black "Sundararajan, Kidambi"]
[Result "1/2-1/2"]
[WhiteTitle "GM"]
[BlackTitle "GM"]
[WhiteElo "2576"]
[BlackElo "2419"]
[WhiteFideId "642908"]
[BlackFideId "5005370"]
[EventDate "2017.12.02"]

1. Nf3 d5 2. g3 g6 3. Bg2 Bg7 4. O-O Nf6 5. d4 O-O 6. c3 c6 7. a4 Ne4 8. Nbd2
Nxd2 9. Nxd2 Nd7 10. e4 e5 11. exd5 cxd5 12. a5 exd4 13. cxd4 Nb8 14. Nb3 Nc6
15. Be3 Bf5 16. Qd2 Rc8 17. Bg5 Qd6 18. Bf4 Qd8 19. Rfe1 b6 20. Bg5 Bf6 21. Bxf6
Qxf6 22. axb6 axb6 23. h4 Rfd8 24. Ra6 Nb8 25. Ra8 Be4 26. f3 Bf5 27. Qf4 Kg7
28. Re3 Nc6 29. Rxc8 Rxc8 30. Rc3 Bd7 31. Qxf6+ Kxf6 32. Kf2 Ne7 33. Nc1 Rxc3
34. bxc3 Bb5 35. Nb3 h6 36. Nd2 g5 37. hxg5+ hxg5 38. Bh3 Bd3 39. Ke3 Bf5 40. g4
Be6 41. f4 gxf4+ 42. Kxf4 Ng6+ 43. Kg3 Ne7 44. Nf3 Nc8 45. Bf1 Nd6 46. Bd3 Bd7
47. Kf4 Bb5 48. Bc2 Bc4 49. Ne5 Nb5 50. Nd7+ Ke7 51. Nxb6 Nxc3 52. g5 Ne2+ 53.
Ke5 Ng1 54. Nc8+ Kf8 55. Kf6 Nf3 56. Nd6 Nxd4 57. Bh7 Nf3 58. Nxf7 Nxg5 59. Nxg5
d4 60. Ke5 d3 61. Bxd3 Bxd3 1/2-1/2

[Event "London Classic Open 2017"]
[Site "London ENG"]
[Date "2017.12.03"]
[Round "3.9"]
[White "Raja, Harshit"]
[Black "Donchenko, Alexander"]
[Result "1/2-1/2"]
[WhiteTitle "IM"]
[BlackTitle "GM"]
[WhiteElo "2420"]
[BlackElo "2569"]
[WhiteFideId "5089000"]
[BlackFideId "24603295"]
[EventDate "2017.12.02"]

1. e4 c6 2. Nf3 d5 3. Nc3 Nf6 4. e5 Ne4 5. Ne2 Qb6 6. d4 e6 7. Ng3 c5 8. Bd3
Nxg3 9. hxg3 cxd4 10. a3 Nc6 11. b4 a6 12. Rxh7 Rxh7 13. Bxh7 Be7 14. Bd3 Bd7
15. Rb1 O-O-O 16. Kf1 Rh8 17. Kg1 f6 18. Bf4 Bd8 19. g4 g5 20. Bg3 f5 21. b5
axb5 22. gxf5 exf5 23. Rxb5 Qa7 24. e6 Bxe6 25. Qe2 Rh6 26. Rxd5 f4 1/2-1/2

[Event "London Classic Open 2017"]
[Site "London ENG"]
[Date "2017.12.03"]
[Round "3.10"]
[White "Arjun, Kalyan"]
[Black "Mikhalevski, Victor"]
[Result "1/2-1/2"]
[BlackTitle "GM"]
[WhiteElo "2419"]
[BlackElo "2545"]
[WhiteFideId "35018701"]
[BlackFideId "2801914"]
[EventDate "2017.12.02"]

1. e4 e5 2. Nf3 Nc6 3. Bb5 a6 4. Ba4 Nf6 5. O-O Nxe4 6. d4 b5 7. Bb3 d5 8. dxe5
Be6 9. Nbd2 Nc5 10. c3 d4 11. Bxe6 Nxe6 12. cxd4 Ncxd4 13. a4 Bb4 14. axb5 Nxb5
15. Qa4 Bxd2 16. Bxd2 O-O 17. Rfd1 c5 18. Qe4 Qe7 19. Be3 Rfe8 20. h4 h5 21. Re1
Rab8 22. Rxa6 Nbd4 23. Nxd4 Nxd4 24. Bg5 Qb7 25. Qxb7 Rxb7 26. Bc1 Nb3 27. Bf4
Rb4 28. Bg3 Nd4 29. Ra2 Re7 30. Kh2 Reb7 31. Rc1 R7b5 32. f3 Rxb2 33. Rxb2 Rxb2
34. Rxc5 Nxf3+ 35. Kh3 Ng1+ 36. Kh2 Nf3+ 37. Kh3 Nd2 38. e6 fxe6 39. Rxh5 Rb3
40. Kg4 Ne4 41. Be5 Rb5 42. Kf4 Nd6 43. Rg5 Nf7 44. Rxg7+ Kf8 45. Rxf7+ Kxf7 46.
h5 Rb4+ 47. Kf3 Rb5 48. Kf4 1/2-1/2

[Event "London Classic Open 2017"]
[Site "London ENG"]
[Date "2017.12.03"]
[Round "3.11"]
[White "Henderson de La Fuente, Lance"]
[Black "Handke, Florian"]
[Result "1/2-1/2"]
[BlackTitle "GM"]
[WhiteElo "2419"]
[BlackElo "2526"]
[WhiteFideId "32096585"]
[BlackFideId "4634527"]
[EventDate "2017.12.02"]

1. e4 c5 2. Nf3 Nc6 3. d4 cxd4 4. Nxd4 Nf6 5. Nc3 e5 6. Ndb5 d6 7. Bg5 a6 8. Na3
b5 9. Nd5 Be7 10. Bxf6 Bxf6 11. c3 Bg5 12. Nc2 O-O 13. a4 bxa4 14. Rxa4 a5 15.
Bc4 Kh8 16. Nce3 Rb8 17. b3 Ne7 18. O-O Nxd5 19. Nxd5 f5 20. exf5 Bxf5 21. Qe2
Bd7 22. Ra2 Bc6 23. Rfa1 Bxd5 24. Bxd5 Qb6 25. Rxa5 Rxf2 26. Qxf2 Be3 27. Ra8
Bxf2+ 28. Kf1 1/2-1/2

[Event "London Classic Open 2017"]
[Site "London ENG"]
[Date "2017.12.03"]
[Round "3.12"]
[White "Kotronias, Vasilios"]
[Black "Sai Agni Jeevitesh, J"]
[Result "1/2-1/2"]
[WhiteTitle "GM"]
[BlackTitle "FM"]
[WhiteElo "2524"]
[BlackElo "2384"]
[WhiteFideId "5900212"]
[BlackFideId "5070147"]
[EventDate "2017.12.02"]

1. e4 d6 2. d4 Nf6 3. Nc3 Nbd7 4. f4 e5 5. Nf3 exd4 6. Qxd4 c6 7. Be3 d5 8. exd5
Bc5 9. Qd3 O-O 10. O-O-O cxd5 11. Bd4 Qa5 12. g3 Bxd4 13. Nxd4 Nc5 14. Qb5 Qc7
15. Bg2 a6 16. Qe2 Bg4 17. Bf3 Rfe8 18. Qg2 Bxf3 19. Qxf3 Nce4 20. Rd3 Rac8 21.
Rhd1 b5 22. Re3 Red8 23. Kb1 b4 24. Nce2 Nd6 25. g4 Nfe4 26. Ng3 Nb5 27. Re2
Nec3+ 28. bxc3 Nxc3+ 29. Kc1 Nxd1 30. Kxd1 Qa5 31. Qe3 g6 32. f5 Qxa2 33. f6 1/2-1/2

[Event "London Classic Open 2017"]
[Site "London ENG"]
[Date "2017.12.03"]
[Round "3.13"]
[White "Houska, Jovanka"]
[Black "Nihal, Sarin"]
[Result "0-1"]
[WhiteTitle "IM"]
[BlackTitle "IM"]
[WhiteElo "2407"]
[BlackElo "2507"]
[WhiteFideId "405094"]
[BlackFideId "25092340"]
[EventDate "2017.12.02"]

1. d4 e6 2. c4 b6 3. Nf3 Bb7 4. a3 Nf6 5. g3 g6 6. Nc3 Bg7 7. Qc2 Bxf3 8. exf3
O-O 9. Be3 c6 10. Be2 d5 11. b3 c5 12. Rd1 cxd4 13. Bxd4 Nc6 14. Be3 d4 15. Bc1
Nd7 16. Na4 Nc5 17. Nb2 d3 18. Nxd3 Nd4 19. Qa2 Ncxb3 20. O-O Qc7 21. Nf4 Nxc1
22. Rxc1 Bh6 23. Rcd1 Qe5 24. Rfe1 Bxf4 25. gxf4 Qxf4 26. Kg2 Rac8 27. Qd2 Qxd2
28. Rxd2 Nxe2 29. Rexe2 Rxc4 30. Rd7 Ra4 31. Re3 Rc8 32. Red3 Rc5 33. Rb7 Rg5+
34. Kf1 Rf5 35. Kg2 Kg7 36. h3 h5 37. Rc3 b5 38. Rd3 a6 39. Rc3 Rc4 40. Re3 Rg5+
41. Kf1 Rc1+ 42. Ke2 Rc2+ 43. Kf1 Rd5 44. Re4 Rdd2 45. Rf4 Rxf2+ 46. Ke1 Rh2 47.
Rfxf7+ Kh6 0-1

[Event "London Classic Open 2017"]
[Site "London ENG"]
[Date "2017.12.03"]
[Round "3.14"]
[White "Akash Pc, Iyer"]
[Black "Fernandez, Daniel Howard"]
[Result "1/2-1/2"]
[BlackTitle "GM"]
[WhiteElo "2390"]
[BlackElo "2500"]
[WhiteFideId "5006775"]
[BlackFideId "5801605"]
[EventDate "2017.12.02"]

1. d4 Nf6 2. Nf3 e6 3. c4 Bb4+ 4. Bd2 c5 5. Bxb4 cxb4 6. Nbd2 d5 7. e3 O-O 8.
Bd3 Nc6 9. O-O b6 10. cxd5 exd5 11. Qa4 Qd6 12. Ne5 Ne7 13. Rac1 a5 14. Qc2 g6
15. Qc7 Rd8 16. Qxd6 Rxd6 17. Rc7 Kf8 18. Rfc1 Ne8 19. R7c2 f6 20. Nc6 Nxc6 21.
Rxc6 Bd7 22. R6c2 Ke7 23. e4 dxe4 24. Bxe4 Rd8 25. d5 Bf5 26. Bxf5 Rxd5 27. Re1+
Kf8 28. Bxg6 hxg6 29. Nc4 Rc5 30. Rec1 Rdc8 31. Ne3 Nd6 32. Kf1 Kf7 33. Ke2 f5
34. Kd3 Ne4 35. f3 Rxc2 36. Rxc2 Nc5+ 37. Ke2 Re8 38. Kd2 Rd8+ 39. Ke2 Re8 40.
Kd2 b3 41. axb3 Nxb3+ 42. Kd3 Nc5+ 43. Kd2 Rh8 44. h3 Rd8+ 45. Ke2 Ne6 46. Rd2
Nf4+ 47. Kd1 Rxd2+ 48. Kxd2 Ke6 49. h4 b5 50. g4 Ke5 51. Nd1 Nd5 52. h5 gxh5 53.
gxh5 Kf6 54. Kd3 Kg5 55. Kd4 Nf4 56. Kc5 b4 57. Kb5 Nd5 58. Kxa5 Kxh5 59. Kb5
Kg5 60. Kc5 Nf6 1/2-1/2

[Event "London Classic Open 2017"]
[Site "London ENG"]
[Date "2017.12.03"]
[Round "3.15"]
[White "Vakhidov, Jakhongir"]
[Black "Gourlay, Iain"]
[Result "1-0"]
[WhiteTitle "GM"]
[BlackTitle "FM"]
[WhiteElo "2500"]
[BlackElo "2378"]
[WhiteFideId "14201801"]
[BlackFideId "2401533"]
[EventDate "2017.12.02"]

1. c4 e6 2. Nc3 d5 3. d4 Nf6 4. cxd5 exd5 5. Bg5 c6 6. e3 Be7 7. Bd3 Nbd7 8.
Nge2 h6 9. Bh4 Ne4 10. Bxe7 Qxe7 11. Bxe4 dxe4 12. Ng3 Nf6 13. Qc2 Kf8 14. O-O
h5 15. Ngxe4 Bf5 16. f3 Re8 17. Qf2 Rh6 18. Nxf6 Rxf6 19. e4 Bh7 20. d5 Qb4 21.
Rad1 Qa5 22. dxc6 Bxe4 23. b4 Qxb4 24. Nxe4 Rxe4 25. c7 Re8 26. Rd8 Rc6 27. Re1 1-0

[Event "London Classic Open 2017"]
[Site "London ENG"]
[Date "2017.12.03"]
[Round "3.16"]
[White "Bates, Richard A"]
[Black "Bellaiche, Anthony"]
[Result "1-0"]
[WhiteTitle "IM"]
[BlackTitle "IM"]
[WhiteElo "2378"]
[BlackElo "2499"]
[WhiteFideId "403555"]
[BlackFideId "615668"]
[EventDate "2017.12.02"]

1. d4 d5 2. c4 c6 3. Nf3 Nf6 4. Nc3 e6 5. g3 Nbd7 6. Bg2 dxc4 7. a4 a5 8. Bg5
Be7 9. Nd2 Nb6 10. e3 e5 11. dxe5 Ng4 12. Bxe7 Qxe7 13. Nde4 O-O 14. Qd4 Nxe5
15. O-O Ra6 16. Nc5 Rd8 17. Nxa6 Rxd4 18. exd4 Nd3 19. Nc5 Nxc5 20. dxc5 Qxc5
21. Rad1 h6 22. Rd8+ Kh7 23. Rfd1 Bf5 24. Re8 Bd3 25. Be4+ Bxe4 26. Nxe4 Qf5 27.
Rdd8 Nd7 28. Nd6 Qb1+ 29. Kg2 Nf6 30. Re7 Qxb2 31. Nxc4 Qa2 32. Ne5 Qb2 33. Rf8
Ng4 34. Nxg4 Qb4 35. Rfxf7 Qxg4 36. h3 Qxa4 37. Rxg7+ Kh8 38. Rh7+ Kg8 39. Reg7+
Kf8 40. Rxb7 Qe4+ 41. Kh2 Kg8 42. Rhe7 1-0

[Event "London Classic Open 2017"]
[Site "London ENG"]
[Date "2017.12.03"]
[Round "3.17"]
[White "Fodor, Tamas Jr."]
[Black "Beinoras, Mindaugas"]
[Result "1-0"]
[WhiteTitle "GM"]
[BlackTitle "IM"]
[WhiteElo "2496"]
[BlackElo "2353"]
[WhiteFideId "723762"]
[BlackFideId "12802085"]
[EventDate "2017.12.02"]

1. c4 e5 2. g3 Nf6 3. Bg2 d5 4. cxd5 Nxd5 5. Nc3 Ne7 6. e3 c5 7. Nge2 g6 8. Qb3
Nbc6 9. Ne4 Nf5 10. O-O Be7 11. Qc3 O-O 12. Nxc5 Qb6 13. Nd3 Bd7 14. Nxe5 Nxe5
15. Qxe5 Bc6 16. e4 Bd6 17. Qc3 Bb5 18. d3 Rac8 19. Qb3 Ne7 20. Nc3 Ba6 21. Qxb6
axb6 22. Rd1 Bb4 23. d4 Bxc3 24. bxc3 Rxc3 25. d5 f6 26. Bb2 Rc2 27. Ba3 Kf7 28.
Bh3 f5 29. exf5 gxf5 30. d6 1-0

[Event "London Classic Open 2017"]
[Site "London ENG"]
[Date "2017.12.03"]
[Round "3.18"]
[White "Gumularz, Szymon"]
[Black "Hector, Jonny"]
[Result "0-1"]
[WhiteTitle "FM"]
[BlackTitle "GM"]
[WhiteElo "2376"]
[BlackElo "2493"]
[WhiteFideId "1188062"]
[BlackFideId "1700090"]
[EventDate "2017.12.02"]

1. d4 d5 2. Bf4 c5 3. e3 Nc6 4. c3 Nf6 5. Nd2 cxd4 6. exd4 Bf5 7. Ngf3 e6 8. Qb3
Bd6 9. Qxb7 Bxf4 10. Qxc6+ Kf8 11. Qa6 g6 12. g3 Bd6 13. Bg2 Rb8 14. Nb3 Qc7 15.
O-O h5 16. Nh4 Be4 17. Bxe4 Nxe4 18. Qe2 g5 19. Nf3 h4 20. g4 Kg7 21. h3 Bf4 22.
Nc1 Rb6 23. Nd3 Rhb8 24. Nfe5 f6 25. Nxf4 gxf4 26. Nd3 Ng5 27. Kh1 Nxh3 28. Nc5
Ng5 29. b4 Re8 30. f3 e5 31. dxe5 Rxe5 32. Qd3 Qe7 33. Qd4 Re2 34. Qxf4 Nh3 35.
Qd4 Rb8 36. Nd3 Re8 37. Rae1 Qc7 38. f4 Qc4 39. Rxe2 Rxe2 40. g5 Qxd4 41. cxd4
Rd2 42. Nc5 fxg5 43. fxg5 Nxg5 44. Rf4 Rd1+ 45. Kh2 Kg6 46. Nd7 Rd2+ 47. Kh1 Ne4
48. Rxh4 Rxd4 49. Nf8+ Kf5 50. Rh7 Rd1+ 51. Kg2 Rd2+ 52. Kg1 d4 53. Rf7+ Kg4 54.
Ne6 d3 55. Rg7+ Kf3 56. Rf7+ Ke3 57. Rh7 Rf2 58. Rxa7 Rf6 59. Ra6 Rg6+ 60. Kh2
d2 61. Ra3+ Kf2 62. Nf4 Rh6+ 0-1

[Event "London Classic Open 2017"]
[Site "London ENG"]
[Date "2017.12.03"]
[Round "3.19"]
[White "Gormally, Daniel W"]
[Black "Globus, Or"]
[Result "1/2-1/2"]
[WhiteTitle "GM"]
[WhiteElo "2477"]
[BlackElo "2253"]
[WhiteFideId "406465"]
[BlackFideId "2816776"]
[EventDate "2017.12.02"]

1. d4 Nf6 2. Nf3 g6 3. c4 Bg7 4. Nc3 d5 5. cxd5 Nxd5 6. e4 Nxc3 7. bxc3 c5 8.
Rb1 Nc6 9. d5 Ne5 10. Bb5+ Bd7 11. Bxd7+ Qxd7 12. Nxe5 Bxe5 13. O-O O-O 14. Be3
b6 15. c4 e6 16. Qd3 f5 17. exf5 Rxf5 18. g4 Rff8 19. Qe4 Bc7 20. Rbd1 1/2-1/2